000 00513nam a2200133Ia 4500
001 2866
008 241024s9999 xx 000 0 und d
082 _aRD/420/R426p/2012
100 _aRepública Dominicana. Ministerio de Educación
245 0 _aPrograma de bachillerato bilingue y diplomado en inglés conversacional. Consultoría para la evaluación dela gestión educativa y administrativa dela Regional de Educación No.10
260 _bSanto Domingo
_c2012
901 _a9/4/2013 2:44:46 p.m.
999 _c8239
_d8239